| 000 | 01021nam a2200217Ia 4500 | ||
|---|---|---|---|
| 003 | Ost | ||
| 005 | 20260507075133.0 | ||
| 008 | 260507s9999||||xx |||||||||||||| ||und|| | ||
| 040 | _cfsecg | ||
| 041 | _aara | ||
| 082 | _a330 | ||
| 100 |
_aالغريب، فيصل سعيد _eمؤلف |
||
| 245 | 0 |
_aالتوقيع الإلكتروني وحجيته في الإثبات / _c فيصل سعيد الغريب |
|
| 260 |
_aالقاهرة: _bالمنظمة العربية للتنمية الإدارية, _c2005 |
||
| 300 |
_a302 صفحة؛ _bإيضاحات ؛ _c24 سم |
||
| 520 | _aالتعريف بالإثبات- قواعد الإثبات- الدليل الكتابي- الإثبات بالكتابة- تقديم الدليل الكتابي وتقييمه- التجارة الإلكترونية- التوقيع الإلكتروني وتطبيقاته ومدى حجيته. | ||
| 653 | _aالإثبات | ||
| 653 | _aالتوقيع الإلكتروني | ||
| 653 | _aالقانون الإداري | ||
| 942 | _cكتاب | ||
| 999 |
_c43235 _d43235 |
||